[Event "EU-ch 23rd"]
[Site "Vrnjacka Banja"]
[Date "2023.03.04"]
[Round "2"]
[White "Samadov, Read"]
[Black "Lorenz, Roger"]
[Result "1/2-1/2"]
[WhiteElo "2471"]
[BlackElo "2180"]
[PlyCount "34"]
[EventDate "2023.03.03"]
[EventType "swiss"]
[EventRounds "11"]
[EventCountry "SRB"]
[SourceTitle "CBM 213"]
[Source "ChessBase"]
[SourceDate "2023.04.30"]
[SourceVersion "1"]
[SourceVersionDate "2023.04.30"]
[SourceQuality "1"]

1. d4 Nf6 2. c4 e6 3. Nf3 d5 4. g3 dxc4 5. Bg2 c5 6. 0-0 Nc6 7. dxc5 Qxd1 8. Rxd1 Bxc5 9. Nbd2 c3 10. bxc3 0-0 11. Nb3 Be7 12. Nfd4 Bd7 13. Nb5 Ne5 14. Nd6 Bxd6 15. Rxd6 Bc6 16. Bxc6 Nxc6 17. c4 Rfd8 1/2-1/2

[Event "EU-ch 23rd"]
[Site "Vrnjacka Banja"]
[Date "2023.03.03"]
[Round "1"]
[White "Lorenz, Roger"]
[Black "Valsecchi, Alessio"]
[Result "1/2-1/2"]
[WhiteElo "2180"]
[BlackElo "2505"]
[PlyCount "103"]
[EventDate "2023.03.03"]
[EventType "swiss"]
[EventRounds "11"]
[EventCountry "SRB"]
[SourceTitle "CBM 213"]
[Source "ChessBase"]
[SourceDate "2023.04.30"]
[SourceVersion "1"]
[SourceVersionDate "2023.04.30"]
[SourceQuality "1"]

1. d4 d5 2. c4 dxc4 3. Nf3 Nf6 4. e3 Bg4 5. Bxc4 e6 6. h3 Bh5 7. Nc3 Bb4 8. Qa4+ Nc6 9. Ne5 Qd6 10. 0-0 0-0 11. Nb5 Qe7 12. Nxc6 bxc6 13. Nxc7 Rac8 14. Na6 Bd6 15. Bd2 Ne4 16. Bb4 Qg5 17. Bxd6 Nxd6 18. Kh1 Qh4 19. Bd3 f5 20. f4 Qg3 21. Rae1 Bf3 22. Qc2 Qxh3+ 23. Kg1 Qg3 24. Qf2 Qxf2+ 25. Rxf2 Bd5 26. b3 Rf7 27. Nc5 Rcf8 28. Rc2 g5 29. fxg5 Re7 30. e4 fxe4 31. Bxe4 Nf5 32. Bxf5 Rxf5 33. Ne4 Kg7 34. Rf2 Kg6 35. Rfe2 Rf4 36. g3 Rg4 37. Re3 Bxe4 38. Rxe4 Rxg3+ 39. Kf2 Rc3 40. Rxe6+ Rxe6 41. Rxe6+ Kxg5 42. Re5+ Kf4 43. Rh5 Rc2+ 44. Ke1 Rxa2 45. Rxh7 Ke3 46. Kd1 Kxd4 47. Rh3 Kc5 48. Rc3+ Kb5 49. Kc1 c5 50. Kb1 Rh2 51. Rc4 Rd2 52. Rh4 1/2-1/2

[Event "Mittelrhein Regionalliga 18/19"]
[Site "Nordrheinwestfalen"]
[Date "2019.05.19"]
[Round "11.3"]
[White "Mays, Stephan"]
[Black "Lorenz, Roger"]
[Result "1/2-1/2"]
[WhiteElo "1991"]
[BlackElo "2162"]
[PlyCount "37"]
[EventDate "2018.10.28"]
[EventType "team-tourn"]
[EventRounds "11"]
[EventCountry "GER"]
[SourceTitle "EXT 2022"]
[Source "ChessBase"]
[SourceDate "2021.10.06"]
[SourceVersion "1"]
[SourceVersionDate "2021.10.06"]
[SourceQuality "1"]
[WhiteTeam "Koeln Ford SF"]
[BlackTeam "Bonn Beuel"]
[WhiteTeamCountry "GER"]
[BlackTeamCountry "GER"]

1. d4 Nf6 2. Nc3 d5 3. Bf4 e6 4. e3 Be7 5. Nf3 0-0 6. Bd3 c5 7. dxc5 Bxc5 8. e4 dxe4 9. Nxe4 Nxe4 10. Bxe4 Nd7 11. 0-0 Nf6 12. Bd3 b6 13. Qe2 Bb7 14. Rad1 Qe7 15. Bg5 Rfd8 16. c3 a5 17. Rfe1 Rd5 18. Bxf6 gxf6 19. Be4 1/2-1/2

[Event "Mittelrhein Regionalliga 1718"]
[Site "Nordrheinwestfalen"]
[Date "2018.01.14"]
[Round "5.3"]
[White "Lorenz, Roger"]
[Black "Wahl, Felix"]
[Result "1-0"]
[WhiteElo "2187"]
[BlackElo "2085"]
[PlyCount "103"]
[EventDate "2017.09.10"]
[EventType "team-tourn"]
[EventRounds "9"]
[EventCountry "GER"]
[SourceTitle "EXT 2022"]
[Source "ChessBase"]
[SourceDate "2021.10.06"]
[SourceVersion "1"]
[SourceVersionDate "2021.10.06"]
[SourceQuality "1"]
[WhiteTeam "Bonn Beuel"]
[BlackTeam "Bonn Stadtverwaltung"]
[WhiteTeamCountry "GER"]
[BlackTeamCountry "GER"]

1. d4 d5 2. c4 c6 3. Nf3 Nf6 4. Nc3 e6 5. Bg5 h6 6. Bh4 dxc4 7. e4 g5 8. Bg3 b5 9. Be2 Bb7 10. Qc2 Nbd7 11. Rd1 a6 12. h4 g4 13. Ne5 h5 14. 0-0 Bg7 15. f3 gxf3 16. Bxf3 Qe7 17. b3 cxb3 18. axb3 Rg8 19. Nxd7 Qxd7 20. e5 Ng4 21. Bxg4 hxg4 22. Ne4 Kd8 23. Nd6 Rf8 24. Qh7 Bh8 25. Nxf7+ Kc7 26. Ng5 Qxh7 27. Nxh7 Rf5 28. Ng5 Bc8 29. Ne4 Bd7 30. Nc5 Raf8 31. Nxa6+ Kb6 32. Nc5 Rxf1+ 33. Rxf1 Rxf1+ 34. Kxf1 Kc7 35. Bf4 Kd8 36. Bg5+ Ke8 37. h5 Bc8 38. Kf2 Kf7 39. Kg3 Bg7 40. b4 Bf8 41. Nd3 Kg7 42. Kxg4 Kh7 43. Kf3 Bd7 44. g4 Be8 45. Kg3 Bf7 46. Kh4 Be8 47. Bf6 Bf7 48. g5 Be8 49. Bd8 Kg7 50. Kg4 Kh7 51. Bc7 Kg7 52. Bd6 1-0

[Event "Mittelrhein Regionalliga 15/16"]
[Site "Nordrheinwestfalen"]
[Date "2016.03.13"]
[Round "8.4"]
[White "Peters, Alex"]
[Black "Lorenz, Roger"]
[Result "1-0"]
[WhiteElo "2187"]
[BlackElo "2098"]
[PlyCount "179"]
[EventDate "2015.09.27"]
[EventType "team-tourn"]
[EventRounds "9"]
[EventCountry "GER"]
[SourceTitle "EXT 2022"]
[Source "ChessBase"]
[SourceDate "2021.10.06"]
[SourceVersion "1"]
[SourceVersionDate "2021.10.06"]
[SourceQuality "1"]
[WhiteTeam "Bruehl"]
[BlackTeam "Bonn Beuel"]
[WhiteTeamCountry "GER"]
[BlackTeamCountry "GER"]

1. Nf3 c5 2. e3 g6 3. d4 Bg7 4. Be2 Nf6 5. 0-0 0-0 6. Nbd2 d6 7. b3 Nc6 8. Bb2 Qc7 9. c4 e5 10. d5 Ne7 11. h3 Nd7 12. Nh2 Re8 13. a3 a5 14. Qc2 b5 15. cxb5 Nxd5 16. Bf3 Bb7 17. Rfd1 N7f6 18. Rac1 Red8 19. Nc4 Bf8 20. Ng4 Be7 21. Rd2 Nxg4 22. hxg4 Nb6 23. Rcd1 Bxf3 24. gxf3 a4 25. Nxb6 Qxb6 26. bxa4 Qa5 27. Bc3 Qxa4 28. Qxa4 Rxa4 29. Bxe5 Rxa3 30. Bxd6 Bxd6 31. Rxd6 Rxd6 32. Rxd6 Rb3 33. b6 c4 34. Kf1 Rb2 35. g5 Kg7 36. Rc6 c3 37. Rxc3 Rxb6 38. Rc7 Rb4 39. f4 Rb8 40. Kg2 Rh8 41. Rc6 h6 42. f5 hxg5 43. f6+ Kh7 44. Rc7 Rf8 45. Kg3 Kg8 46. Kg4 Rb8 47. e4 Rb2 48. Rc8+ Kh7 49. Rf8 Rb7 50. Kxg5 Ra7 51. e5 Rb7 52. f4 Ra7 53. Rxf7+ Rxf7 54. e6 Rf8 55. e7 Re8 56. f7 Rxe7 57. f8Q Re5+ 58. Kg4 Rg5+ 59. Kf3 Rf5 60. Qe7+ Kg8 61. Kg4 Rf7 62. Qe8+ Kg7 63. Qe5+ Kg8 64. Kf3 Rf5 65. Qe6+ Kg7 66. Ke4 Rf7 67. Qc8 Re7+ 68. Kd5 Rf7 69. Qc3+ Kg8 70. Ke5 Rf5+ 71. Ke6 Rf7 72. Qe5 Rf8 73. Qg5 Kg7 74. Qd5 Rf6+ 75. Ke7 Rf5 76. Qd6 Rf7+ 77. Ke8 Rf5 78. Qe7+ Kg8 79. Qg5 Kg7 80. Ke7 Rf7+ 81. Ke6 Rf5 82. Qh4 Rf7 83. Qd8 Rf5 84. Qc7+ Kg8 85. Qd8+ Rf8 86. Qxf8+ Kxf8 87. Kf6 g5 88. fxg5 Kg8 89. Kg6 Kh8 90. Kf7 1-0

[Event "Mittelrhein Regionalliga 1415"]
[Site "Mittelrhein"]
[Date "2015.03.15"]
[Round "8.4"]
[White "Lorenz, Roger"]
[Black "Braeuer, Karl Heinz"]
[Result "1-0"]
[WhiteElo "2080"]
[BlackElo "1986"]
[PlyCount "77"]
[EventDate "2014.09.28"]
[EventType "team-tourn"]
[EventRounds "9"]
[EventCountry "GER"]
[SourceTitle "EXT 2023"]
[Source "ChessBase"]
[SourceDate "2022.10.05"]
[SourceVersion "1"]
[SourceVersionDate "2022.10.05"]
[SourceQuality "1"]
[WhiteTeam "Bonn Beuel"]
[BlackTeam "Aachen DJK Aufwaerts III"]
[WhiteTeamCountry "GER"]
[BlackTeamCountry "GER"]

1. d4 d5 2. c4 c6 3. Nf3 Nf6 4. Nc3 e6 5. Bg5 Be7 6. e3 Ne4 7. Bxe7 Qxe7 8. Qc2 Nxc3 9. bxc3 0-0 10. cxd5 exd5 11. Bd3 h6 12. 0-0 Nd7 13. Rfe1 Nf6 14. Ne5 Ng4 15. f4 Nxe5 16. fxe5 f6 17. e4 dxe4 18. exf6 Qxf6 19. Rxe4 Qd6 20. Re5 b6 21. Rae1 Bd7 22. Bc4+ Kh8 23. Qe4 Rf6 24. h4 Raf8 25. Rf1 Rxf1+ 26. Bxf1 Qf6 27. Bd3 g6 28. Re7 Bf5 29. Qe3 Qxh4 30. Qe5+ Qf6 31. Qxf6+ Rxf6 32. Bxf5 Rxf5 33. Rxa7 c5 34. Rd7 cxd4 35. cxd4 Kg8 36. Rd6 Kf7 37. Rxb6 Rf4 38. Rb4 Ke6 39. d5+ 1-0

[Event "Mittelrhein Regionalliga 1415"]
[Site "Mittelrhein"]
[Date "2015.01.11"]
[Round "5.3"]
[White "Lindam, Ingo"]
[Black "Lorenz, Roger"]
[Result "1-0"]
[WhiteElo "2067"]
[BlackElo "2080"]
[PlyCount "69"]
[EventDate "2014.09.28"]
[EventType "team-tourn"]
[EventRounds "9"]
[EventCountry "GER"]
[SourceTitle "EXT 2023"]
[Source "ChessBase"]
[SourceDate "2022.10.05"]
[SourceVersion "1"]
[SourceVersionDate "2022.10.05"]
[SourceQuality "1"]
[WhiteTeam "Koeln Lasker"]
[BlackTeam "Bonn Beuel"]
[WhiteTeamCountry "GER"]
[BlackTeamCountry "GER"]

1. d4 Nf6 2. Bg5 Ne4 3. h4 d5 4. Nd2 Bf5 5. Nxe4 Bxe4 6. Qd2 h6 7. Bf4 c5 8. dxc5 e6 9. f3 Bh7 10. e4 Bxc5 11. 0-0-0 Qb6 12. exd5 e5 13. Qc3 Nd7 14. Bxe5 Rc8 15. Bd4 0-0 16. Bd3 f5 17. Ne2 Ne5 18. Bxc5 Nxd3+ 19. Qxd3 Rxc5 20. Nf4 Rfc8 21. Rd2 Rc4 22. g3 Rb4 23. b3 Qa5 24. Kb2 Qd8 25. c3 Rb6 26. Qd4 Qd7 27. Re1 Bg6 28. Rde2 Bf7 29. Re7 Qd6 30. R1e6 Qd8 31. d6 Rcc6 32. Rxf7 Kxf7 33. Re7+ Qxe7 34. dxe7 Rd6 35. Qe5 1-0

[Event "Verbandsliga Mittelrhein-Ost 1213"]
[Site "Germany"]
[Date "2012.12.02"]
[Round "5.4"]
[White "Lorenz, Roger"]
[Black "Steffens, Klaus"]
[Result "1-0"]
[WhiteElo "2069"]
[BlackElo "1916"]
[PlyCount "61"]
[EventDate "2012.09.09"]
[EventType "team"]
[EventRounds "11"]
[EventCountry "GER"]
[SourceTitle "EXT 2015"]
[Source "ChessBase"]
[SourceDate "2014.11.20"]
[SourceVersion "1"]
[SourceVersionDate "2014.11.20"]
[SourceQuality "1"]
[WhiteTeam "Bonn Beuel"]
[BlackTeam "Siegburg"]
[WhiteTeamCountry "GER"]
[BlackTeamCountry "GER"]

1. d4 Nf6 2. c4 e6 3. Nc3 d5 4. cxd5 exd5 5. Bg5 Be7 6. e3 0-0 7. Bd3 h6 8. Bf4 a6 9. h3 c5 10. Nf3 cxd4 11. Nxd4 Bd6 12. Bxd6 Qxd6 13. 0-0 Nc6 14. Bc2 Be6 15. Qd2 Rac8 16. Rad1 Rfd8 17. f4 Nxd4 18. Qxd4 Rc4 19. Qd2 Qb6 20. Kh2 d4 21. Ne2 Rb4 22. b3 d3 23. Bxd3 Ne4 24. Qe1 a5 25. Nd4 Nc5 26. Bb1 a4 27. a3 Rxb3 28. Nxb3 Rxd1 29. Qxd1 Bxb3 30. Qd4 Qa5 31. Rc1 1-0

[Event "Mittelrhein-chT 1112"]
[Site "Germany"]
[Date "2012.05.06"]
[Round "12.3"]
[White "Lorenz, Roger"]
[Black "Romaker, Johann"]
[Result "1/2-1/2"]
[WhiteElo "2083"]
[BlackElo "1967"]
[PlyCount "67"]
[EventDate "2011.09.11"]
[EventType "team-tourn"]
[EventRounds "13"]
[EventCountry "GER"]
[SourceTitle "EXT 2013"]
[Source "ChessBase"]
[SourceDate "2012.11.22"]
[SourceVersion "1"]
[SourceVersionDate "2012.11.22"]
[SourceQuality "1"]
[WhiteTeam "Bonn Beuel"]
[BlackTeam "Bruehl II"]
[WhiteTeamCountry "GER"]
[BlackTeamCountry "GER"]

1. Nf3 Nf6 2. c4 c6 3. Nc3 d5 4. d4 e6 5. Bg5 h6 6. Bxf6 Qxf6 7. e3 Nd7 8. Bd3 dxc4 9. Bxc4 Bb4 10. a3 Ba5 11. 0-0 a6 12. Rc1 Bc7 13. e4 e5 14. d5 Nb6 15. dxc6 bxc6 16. Be2 0-0 17. Na4 Rd8 18. Qc2 Nxa4 19. Qxa4 Bb7 20. Rc3 Bb6 21. b4 Qf4 22. Bc4 Rd7 23. Bd5 a5 24. Rxc6 axb4 25. Qxb4 Ba5 26. Qb2 Re7 27. Rc5 Bxd5 28. Rxd5 Qxe4 29. Rxe5 Rxe5 30. Qxe5 Qxe5 31. Nxe5 Bc3 32. Nc4 Ra4 33. Nd6 Rxa3 34. Nb5 1/2-1/2

[Event "Mittelrhein-chT 1112"]
[Site "Germany"]
[Date "2012.04.15"]
[Round "11.5"]
[White "Epding, Volker"]
[Black "Lorenz, Roger"]
[Result "0-1"]
[WhiteElo "1932"]
[BlackElo "2083"]
[PlyCount "158"]
[EventDate "2011.09.11"]
[EventType "team-tourn"]
[EventRounds "13"]
[EventCountry "GER"]
[SourceTitle "EXT 2013"]
[Source "ChessBase"]
[SourceDate "2012.11.22"]
[SourceVersion "1"]
[SourceVersionDate "2012.11.22"]
[SourceQuality "1"]
[WhiteTeam "Koeln Muelheim"]
[BlackTeam "Bonn Beuel"]
[WhiteTeamCountry "GER"]
[BlackTeamCountry "GER"]

1. d4 Nf6 2. Nf3 g6 3. c4 Bg7 4. Nc3 d5 5. cxd5 Nxd5 6. e4 Nxc3 7. bxc3 c5 8. Bb5+ Nc6 9. 0-0 0-0 10. Bxc6 bxc6 11. h3 cxd4 12. cxd4 c5 13. Be3 Bb7 14. d5 Bxa1 15. Qxa1 f6 16. Bxc5 Qd7 17. Nd4 Rfc8 18. Ne6 Bxd5 19. exd5 Qxd5 20. Bxe7 Qxe6 21. Bxf6 Rc2 22. a3 Rac8 23. Bg5 Qf7 24. Be3 a6 25. Qe5 Re8 26. Qa5 Qc4 27. Qb6 Qc6 28. Qb3+ Qc4 29. Qb6 Qd5 30. Qa7 Qd6 31. Qb7 Rb8 32. Qe4 Qc6 33. Qd4 Rc4 34. Qd2 Rc2 35. Qd3 Rc3 36. Qd4 Rc4 37. Qd2 Re8 38. Rd1 Rc2 39. Qd4 Re2 40. Bh6 Re1+ 41. Rxe1 Rxe1+ 42. Kh2 Qc7+ 43. Bf4 Qe7 44. Qc4+ Qe6 45. Qc7 Qf7 46. Qb8+ Re8 47. Qb4 Qd5 48. Bg3 Qe4 49. Qb6 Qe6 50. Qb4 h6 51. Qd2 Kh7 52. Bf4 h5 53. Bg3 Re7 54. Qb4 Qe4 55. Qd6 Qe6 56. Qb4 Rd7 57. Qa5 Qc4 58. h4 Qb5 59. Qe1 Qc5 60. Qe6 Ra7 61. Qb3 a5 62. Qd3 Rf7 63. Qb3 Rd7 64. Qf3 Qd5 65. Qe3 Qd4 66. Qe6 a4 67. Qc6 Re7 68. Qf3 Qc4 69. Qf6 Rf7 70. Qd8 Qe4 71. Qg5 Qe7 72. Qa5 Qxa3 73. Qa8 Qb4 74. Qe8 Re7 75. Qf8 Rb7 76. Qf6 Qe7 77. Qd4 a3 78. Bd6 Qd8 79. Qe4 Qxd6+ 0-1

[Event "Mittelrhein-chT 1112"]
[Site "Germany"]
[Date "2011.12.18"]
[Round "6.5"]
[White "Lorenz, Roger"]
[Black "Block, Wolfgang"]
[Result "1/2-1/2"]
[WhiteElo "2083"]
[BlackElo "2089"]
[PlyCount "101"]
[EventDate "2011.09.11"]
[EventType "team-tourn"]
[EventRounds "13"]
[EventCountry "GER"]
[SourceTitle "EXT 2013"]
[Source "ChessBase"]
[SourceDate "2012.11.22"]
[SourceVersion "1"]
[SourceVersionDate "2012.11.22"]
[SourceQuality "1"]
[WhiteTeam "Bonn Beuel"]
[BlackTeam "Bruehl"]
[WhiteTeamCountry "GER"]
[BlackTeamCountry "GER"]

1. d4 Nf6 2. c4 g6 3. Nc3 Bg7 4. e4 d6 5. Nf3 0-0 6. Be2 e5 7. 0-0 Nc6 8. d5 Ne7 9. Ne1 Ne8 10. Be3 f5 11. f3 f4 12. Bf2 g5 13. c5 Ng6 14. Rc1 Rf7 15. Nd3 Nf6 16. Nb5 a6 17. Nc3 h5 18. cxd6 cxd6 19. Na4 g4 20. Nb6 Rb8 21. Nxc8 Rxc8 22. fxg4 Rxc1 23. Nxc1 Nxe4 24. gxh5 Nxf2 25. Rxf2 Nh4 26. Bg4 Nf5 27. Qd3 Qg5 28. Bxf5 Rxf5 29. Ne2 Qxh5 30. Nc3 Rf7 31. Ne4 Qh6 32. Rc2 Bf8 33. Qf3 Qh4 34. Rc1 Rg7 35. Qf2 Qd8 36. Rc3 Be7 37. Qc2 Qb6+ 38. Qf2 Qd8 39. Qc2 Qb6+ 40. Kh1 Qa5 41. Rc8+ Bf8 42. Nf6+ Kf7 43. Rxf8+ Kxf8 44. Qc8+ Kf7 45. Qe6+ Kg6 46. Nd7+ Kh7 47. Qf5+ Kh6 48. Qf6+ Kh7 49. Qf5+ Kh6 50. Qf6+ Kh7 51. Qf5+ 1/2-1/2

[Event "Mainz Ordix op 17th"]
[Site "Mainz"]
[Date "2010.08.07"]
[Round "2"]
[White "Karjakin, Sergey"]
[Black "Lorenz, Roger"]
[Result "1-0"]
[WhiteElo "2747"]
[BlackElo "2229"]
[PlyCount "61"]
[EventDate "2010.08.07"]
[EventType "swiss (rapid)"]
[EventRounds "11"]
[EventCountry "GER"]
[SourceTitle "CBM 137 Extra"]
[Source "ChessBase"]
[SourceDate "2010.09.01"]
[SourceVersion "1"]
[SourceVersionDate "2010.09.01"]
[SourceQuality "1"]

1. e4 e6 2. d4 d5 3. Nc3 dxe4 4. Nxe4 Bd7 5. Nf3 Bc6 6. Bd3 Nd7 7. 0-0 Ngf6 8. Ng3 Bxf3 9. Qxf3 c6 10. Re1 Be7 11. b3 0-0 12. Bb2 Re8 13. c4 a5 14. a3 Bf8 15. h4 Qc7 16. h5 h6 17. Ne4 Nxe4 18. Rxe4 Nf6 19. Re2 Rad8 20. Rae1 Bd6 21. d5 e5 22. c5 Bxc5 23. Bxe5 Rxe5 24. Rxe5 cxd5 25. Rf5 Qd6 26. a4 b6 27. g3 Rf8 28. Kg2 Rd8 29. Bb1 Rf8 30. Qd3 Rd8 31. Rxf6 1-0